[Event "Hastings Masters 2025-26"]
[Site "Hastings ENG"]
[Date "2025.12.28"]
[Round "1.1"]
[White "Bryant, Harry"]
[Black "Laurent-Paoli, Pierre"]
[Result "0-1"]
[WhiteTitle "CM"]
[BlackTitle "GM"]
[WhiteElo "2207"]
[BlackElo "2539"]
[WhiteFideId "489158"]
[BlackFideId "26017962"]
[EventDate "2025.12.28"]

1. e4 c6 2. d4 d5 3. e5 Bf5 4. h4 h5 5. Bd3 Bxd3 6. Qxd3 Qa5+ 7. Nd2 e6 8. Nf3
Qa6 9. c4 Bb4 10. b3 Ne7 11. Bb2 c5 12. dxc5 Nd7 13. a3 Nxc5 14. Qe2 Bxd2+ 15.
Nxd2 Nf5 16. Rh3 O-O-O 17. cxd5 Qxe2+ 18. Kxe2 Rxd5 19. Rc1 Kb8 20. Nc4 Rhd8 21.
Rc2 Nd3 22. Rh1 Nxb2 23. Rxb2 b5 24. a4 a6 25. axb5 axb5 26. Rc1 Rc5 27. Ra1
bxc4 28. bxc4+ Kc7 29. Ra7+ Kc6 30. f3 Rxe5+ 31. Kf2 Nd6 32. Ra6+ Kd7 33. Rbb6
Nxc4 34. Rc6 Ne3 35. Rd6+ Ke7 36. Rxd8 Kxd8 37. Ra7 Ke8 38. f4 Ng4+ 0-1

[Event "Hastings Masters 2025-26"]
[Site "Hastings ENG"]
[Date "2025.12.28"]
[Round "1.2"]
[White "Sulskis, Sarunas"]
[Black "Saunders, Aron"]
[Result "1-0"]
[WhiteTitle "GM"]
[WhiteElo "2475"]
[BlackElo "2201"]
[WhiteFideId "12800112"]
[BlackFideId "469343"]
[EventDate "2025.12.28"]

1. d4 d5 2. Nf3 Nf6 3. c3 c6 4. Bf4 Bf5 5. e3 e6 6. h3 h6 7. Be2 Be7 8. O-O O-O
9. a4 Qb6 10. Ra2 a5 11. Ne5 Nbd7 12. Nxd7 Nxd7 13. Nd2 c5 14. Bb5 Rfd8 15. Re1
Bd6 16. Bxd6 Qxd6 17. Ra1 e5 18. Qf3 Be6 19. Qg3 f6 20. Nf3 Re8 21. Rad1 Rad8
22. dxe5 fxe5 23. e4 d4 24. cxd4 cxd4 25. Nxd4 Qe7 26. Nxe6 Qxe6 27. Qc3 1-0

[Event "Hastings Masters 2025-26"]
[Site "Hastings ENG"]
[Date "2025.12.28"]
[Round "1.3"]
[White "Finn, Peter"]
[Black "Deuer, Marius"]
[Result "0-1"]
[WhiteTitle "CM"]
[BlackTitle "IM"]
[WhiteElo "2200"]
[BlackElo "2475"]
[WhiteFideId "432156"]
[BlackFideId "16236432"]
[EventDate "2025.12.28"]

1. d4 Nf6 2. c4 e6 3. g3 Bb4+ 4. Nd2 d5 5. Bg2 O-O 6. Nf3 b6 7. O-O Bb7 8. Ne5
a5 9. Nb1 Nbd7 10. Nc3 c6 11. Bg5 Be7 12. Nxd7 Qxd7 13. Na4 Bd8 14. Bxf6 gxf6
15. e4 dxc4 16. f4 Kh8 17. Kh1 Bc7 18. Qc2 Rad8 19. Rad1 Ba6 20. e5 f5 21. b3
cxb3 22. axb3 Bxf1 23. Bxf1 b5 24. Nc5 Qc8 25. g4 fxg4 26. Bg2 Bb6 27. Ne4 Rg8
28. Nd6 Qc7 29. Bxc6 g3 30. Nxb5 Qe7 31. Nd6 Rxd6 32. exd6 Qxd6 33. Qe4 g2+ 34.
Kg1 Rg4 35. h3 Rxf4 36. Qxg2 Rxd4 37. Rxd4 Qxd4+ 38. Kf1 Qd1# 0-1

[Event "Hastings Masters 2025-26"]
[Site "Hastings ENG"]
[Date "2025.12.28"]
[Round "1.4"]
[White "Kaasen, Tor Fredrik"]
[Black "Vaidyanathan, Adithya"]
[Result "1-0"]
[WhiteTitle "IM"]
[WhiteElo "2471"]
[BlackElo "2189"]
[WhiteFideId "1516647"]
[BlackFideId "495450"]
[EventDate "2025.12.28"]

1. e4 c5 2. Nf3 Nc6 3. Bb5 g6 4. O-O Bg7 5. Re1 Nf6 6. Bxc6 dxc6 7. d3 b6 8. Nc3
O-O 9. h3 Ne8 10. e5 Nc7 11. a4 a5 12. b3 Ne6 13. Ne2 Ra7 14. Be3 h6 15. Qd2 Kh7
16. Rad1 Rd7 17. Nf4 Ng5 18. Nxg5+ hxg5 19. Ne2 Bxe5 20. Bxg5 Bg7 21. Qf4 f6 22.
Qh4+ Kg8 23. Bh6 e5 24. Qc4+ Rd5 25. Be3 Be6 26. Nc3 Rd6 27. Qh4 f5 28. Bg5 Qd7
29. Bh6 e4 30. Ne2 exd3 31. Nf4 d2 32. Re3 Bf7 33. Bxg7 Kxg7 34. Re7 Qd8 35.
Rxd2 Rxd2 36. Ne6+ Kg8 37. Nxd8 Rfxd8 38. Qf6 Rf8 39. h4 Rxc2 40. h5 gxh5 41.
Qg5+ Kh8 42. Qxf5 Rc1+ 43. Kh2 1-0

[Event "Hastings Masters 2025-26"]
[Site "Hastings ENG"]
[Date "2025.12.28"]
[Round "1.5"]
[White "Kapechun, Mikhailo"]
[Black "Gordon, Stephen J"]
[Result "1/2-1/2"]
[BlackTitle "GM"]
[WhiteElo "2184"]
[BlackElo "2465"]
[WhiteFideId "34147527"]
[BlackFideId "411477"]
[EventDate "2025.12.28"]

1. e4 c5 2. Nf3 e6 3. g3 Nc6 4. Bg2 Nf6 5. d3 Be7 6. O-O O-O 7. Nbd2 d6 8. Re1
Rb8 9. a4 a6 10. c3 Qc7 11. Qc2 Bd7 12. Nf1 Rfc8 13. Bf4 Nh5 14. Be3 h6 15. g4
Nf6 16. h3 b5 17. axb5 axb5 18. Bf4 Nh7 19. Ne3 Nf8 20. Bg3 Ne5 21. Nd2 g5 22.
f4 gxf4 23. Bxf4 Bg5 24. Bg3 Nfg6 25. Nf3 b4 26. Nxe5 dxe5 27. Qf2 bxc3 28. bxc3
Bf4 29. h4 Qd8 30. h5 Bxg3 31. Qxg3 Nf4 32. Nc4 f6 33. Nd6 Rc6 34. Nc4 Rc7 35.
Bf1 Rb3 36. Ra3 Rxa3 37. Nxa3 Ra7 38. Nc2 Qa5 39. Ra1 Qb6 40. Rxa7 Qxa7 41. Qe3
Ba4 42. Ne1 Qg7 43. Be2 Qg5 44. Ng2 Nxe2+ 45. Qxe2 Qc1+ 46. Kh2 Qxc3 47. Qa2 Qb3
48. Qf2 Qxd3 49. Qxf6 Qxe4 50. Qxe6+ Kg7 51. Qe7+ Kg8 52. Qe6+ Kg7 53. Qe7+ Kg8
54. Qe6+ 1/2-1/2

[Event "Hastings Masters 2025-26"]
[Site "Hastings ENG"]
[Date "2025.12.28"]
[Round "1.6"]
[White "Plat, Vojtech"]
[Black "Brewer, Callum D"]
[Result "1-0"]
[WhiteTitle "GM"]
[WhiteElo "2461"]
[BlackElo "2175"]
[WhiteFideId "325740"]
[BlackFideId "435309"]
[EventDate "2025.12.28"]

1. d4 Nf6 2. Bg5 d5 3. Nd2 e6 4. Ngf3 Be7 5. e3 O-O 6. Bd3 b6 7. O-O c5 8. Ne5
Bb7 9. c3 Nbd7 10. f4 Ne4 11. Bxe7 Qxe7 12. Ndf3 Ndf6 13. Ng5 h6 14. Ngf3 Nd6
15. Qe1 Nfe4 16. Nh4 Nf5 17. Nxf5 exf5 18. Bxe4 dxe4 19. dxc5 bxc5 20. Qe2 Qe6
21. Rfd1 Ba6 22. Qd2 f6 23. Qd7 Bc8 24. Qxe6+ Bxe6 25. Nc6 Rfe8 26. b4 Bc4 27.
Rd6 Re6 28. bxc5 Bd5 29. Rxd5 Rxc6 30. Rb1 Rac8 31. Rb7 R8c7 32. Rxc7 Rxc7 33.
Rxf5 Kf7 34. Rd5 Ke6 35. c4 Rb7 36. f5+ Ke7 37. Kf2 Rb2+ 38. Kg3 Rxa2 39. c6 Ra6
40. Rd7+ Ke8 41. Rd6 Ke7 42. Re6+ 1-0

[Event "Hastings Masters 2025-26"]
[Site "Hastings ENG"]
[Date "2025.12.28"]
[Round "1.7"]
[White "Zhang, Junyi"]
[Black "Hagner, Bennet"]
[Result "0-1"]
[WhiteTitle "CM"]
[BlackTitle "IM"]
[WhiteElo "2172"]
[BlackElo "2451"]
[WhiteFideId "494437"]
[BlackFideId "16224477"]
[EventDate "2025.12.28"]

1. e4 c5 2. Nf3 d6 3. d4 cxd4 4. Nxd4 Nf6 5. f3 e5 6. Nb3 Be6 7. c4 Nbd7 8. Be3
b5 9. cxb5 d5 10. exd5 Nxd5 11. Bf2 Bb4+ 12. N1d2 e4 13. fxe4 N5f6 14. Qe2 Bxb3
15. axb3 Rc8 16. Bd4 O-O 17. Bc3 Bxc3 18. bxc3 Rxc3 19. Qd1 Nc5 20. Be2 Qd4 21.
Nf3 Qe3 22. Kf1 Nxb3 23. Rb1 Nxe4 0-1

[Event "Hastings Masters 2025-26"]
[Site "Hastings ENG"]
[Date "2025.12.28"]
[Round "1.8"]
[White "Kuru, Atilla"]
[Black "Manmay Chopra"]
[Result "1-0"]
[WhiteTitle "IM"]
[BlackTitle "CM"]
[WhiteElo "2449"]
[BlackElo "2170"]
[WhiteFideId "51607948"]
[BlackFideId "25649191"]
[EventDate "2025.12.28"]

1. e4 e5 2. Nf3 Nc6 3. d4 exd4 4. Nxd4 Qf6 5. Nxc6 Bc5 6. Qf3 bxc6 7. Nd2 a5 8.
a4 d6 9. Nb3 Qxf3 10. gxf3 Bb6 11. Rg1 g6 12. Bd2 Nf6 13. Rg5 h6 14. Rxa5 Bxa5
15. Bxa5 Ke7 16. Bxc7 Ba6 17. e5 dxe5 18. Bxa6 Rxa6 19. Bxe5 Rd8 20. a5 Rd5 21.
Bc3 Nd7 22. Kf1 Kd8 23. Nd2 c5 24. Nc4 Kc7 25. b3 Kb7 26. Ne3 Rdd6 27. Ra4 Re6
28. h4 h5 29. Nc4 f6 30. Ra1 Ra8 31. Rd1 Kc6 32. Ne3 Rd6 33. Ra1 Kc7 34. Ke2 f5
35. Nc4 Re6+ 36. Kf1 Kb7 37. Rd1 Kc7 38. f4 Rae8 39. Be5+ Nxe5 40. fxe5 f4 41.
Ke2 Rf8 42. Kf3 Kc6 43. Ke4 Kc7 44. Nb6 Kc6 45. Nc4 Kc7 46. Nb2 Ra8 47. Nd3 Rxa5
48. Nxf4 Re8 49. Nxg6 Ra2 50. Rc1 c4 51. f4 cxb3 52. cxb3+ Kd7 53. Rd1+ Ke6 54.
f5+ Kf7 55. Rd7+ Kg8 56. f6 Re2+ 57. Kf3 R2xe5 58. Rg7# 1-0

[Event "Hastings Masters 2025-26"]
[Site "Hastings ENG"]
[Date "2025.12.28"]
[Round "1.9"]
[White "Janse, Jan Jaap"]
[Black "Kovchan, Alexander"]
[Result "0-1"]
[BlackTitle "GM"]
[WhiteElo "2170"]
[BlackElo "2447"]
[WhiteFideId "1010344"]
[BlackFideId "14103052"]
[EventDate "2025.12.28"]

1. d4 g6 2. Nf3 Bg7 3. g3 c5 4. c3 Qa5 5. Nbd2 cxd4 6. cxd4 Nc6 7. e3 Nf6 8. Bg2
O-O 9. O-O d5 10. a3 Bf5 11. b4 Qb6 12. Nb3 Rfe8 13. Bb2 a5 14. bxa5 Nxa5 15.
Nxa5 Qxb2 16. Qb3 Qxb3 17. Nxb3 Rec8 18. Rfc1 Bf8 19. Bf1 Rxc1 20. Nxc1 e6 21.
a4 b6 22. Ne5 Bd6 23. Nc6 Ne4 24. a5 bxa5 25. Rxa5 Rc8 26. Ra6 Nd2 27. Bd3 Bh3
28. Rb6 Nf3+ 29. Kh1 Ne1 30. Be2 Bg2+ 31. Kg1 Be4 32. Nb3 Ra8 33. Nca5 Bc7 34.
Rb5 Nf3+ 35. Bxf3 Bxf3 36. Kf1 g5 37. Ke1 Kg7 38. Kd2 Kg6 39. h3 Bg2 40. Ke2
Bxh3 41. f3 Bxg3 42. Nc6 Ra2+ 43. Nd2 Bf1+ 0-1

[Event "Hastings Masters 2025-26"]
[Site "Hastings ENG"]
[Date "2025.12.28"]
[Round "1.10"]
[White "Williams, Simon K"]
[Black "Yoon, Jacob D"]
[Result "1-0"]
[WhiteTitle "GM"]
[BlackTitle "CM"]
[WhiteElo "2434"]
[BlackElo "2165"]
[WhiteFideId "404454"]
[BlackFideId "446076"]
[EventDate "2025.12.28"]

1. c4 Nf6 2. Nc3 e6 3. e4 c5 4. e5 Ng8 5. Nf3 Nc6 6. d4 cxd4 7. Nxd4 Nxe5 8.
Ndb5 a6 9. Nd6+ Bxd6 10. Qxd6 f6 11. Be3 Ne7 12. Bb6 Nf5 13. Qc5 d6 14. Qa5 Qd7
15. O-O-O Qc6 16. c5 Nd7 17. Be2 Nxb6 18. cxb6 Qxg2 19. Bd3 Qxf2 20. Rhf1 Qe3+
21. Kb1 O-O 22. Bxf5 exf5 23. Nd5 Qe4+ 24. Ka1 Bd7 25. Rfe1 Qa4 26. Qd2 Bc6 27.
Ne7+ Kh8 28. Qxd6 Be4 29. Re3 Rfe8 30. Rc1 f4 31. b3 Qa5 32. Rxe4 Red8 33. Qxf4
Qxb6 34. Qf5 g6 35. Nxg6+ hxg6 36. Qxg6 Qf2 37. Rc2 Qf1+ 38. Kb2 Qh3 39. Qxf6+
Kg8 40. Qg5+ 1-0

[Event "Hastings Masters 2025-26"]
[Site "Hastings ENG"]
[Date "2025.12.28"]
[Round "1.11"]
[White "Adams, Henry"]
[Black "Ghimpu, Samuel-Timotei"]
[Result "0-1"]
[BlackTitle "IM"]
[WhiteElo "2159"]
[BlackElo "2428"]
[WhiteFideId "464562"]
[BlackFideId "1238175"]
[EventDate "2025.12.28"]

1. d4 Nf6 2. c4 e6 3. g3 c5 4. d5 exd5 5. cxd5 d6 6. Nc3 g6 7. Bg2 Bg7 8. Nf3
O-O 9. O-O a6 10. a4 Nbd7 11. Bf4 Qc7 12. e4 Re8 13. Nd2 Nh5 14. Be3 Rb8 15. a5
b5 16. axb6 Rxb6 17. Ra2 Rb4 18. g4 Nhf6 19. h3 Nb6 20. Re1 Nfd7 21. f4 c4 22.
e5 dxe5 23. Nde4 exf4 24. d6 Qd8 25. Bxf4 Bb7 26. Nf6+ Bxf6 27. Bxb7 Nc5 28. Nd5
Nxd5 29. Bxd5 c3 30. Rf1 cxb2 0-1

[Event "Hastings Masters 2025-26"]
[Site "Hastings ENG"]
[Date "2025.12.28"]
[Round "1.12"]
[White "Wang, Hao(ZJ)"]
[Black "Blanquet, Camille"]
[Result "1-0"]
[WhiteTitle "IM"]
[BlackTitle "WFM"]
[WhiteElo "2426"]
[BlackElo "2132"]
[WhiteFideId "8631859"]
[BlackFideId "36037354"]
[EventDate "2025.12.28"]

1. c4 e5 2. g3 Nf6 3. Bg2 d5 4. cxd5 Nxd5 5. Nc3 Nb6 6. Nf3 Nc6 7. O-O Be7 8. b3
O-O 9. Bb2 Bf5 10. a4 a5 11. Rc1 Re8 12. Nb5 Bf6 13. d3 Qd7 14. Nd2 Bg5 15. Rc5
Be7 16. Rc2 Bd6 17. Qc1 Bh3 18. Rxc6 bxc6 19. Bxc6 Qd8 20. Re1 Re6 21. Bxa8 Qxa8
22. f3 Nd5 23. Ne4 Rh6 24. Nexd6 cxd6 25. Ba3 Qa6 26. e4 Qb6+ 27. d4 Ne7 28. Qe3
Qd8 29. Rd1 Nc6 30. dxe5 Nxe5 31. Bb2 Qc8 32. Bxe5 dxe5 33. Qc3 Qxc3 34. Rd8# 1-0

[Event "Hastings Masters 2025-26"]
[Site "Hastings ENG"]
[Date "2025.12.28"]
[Round "1.13"]
[White "Verbin, Valentina"]
[Black "Grutter, Tim"]
[Result "1/2-1/2"]
[WhiteTitle "WFM"]
[BlackTitle "IM"]
[WhiteElo "2122"]
[BlackElo "2397"]
[WhiteFideId "13905910"]
[BlackFideId "1057472"]
[EventDate "2025.12.28"]

1. e4 e5 2. Nf3 Nc6 3. Bb5 a6 4. Ba4 Nf6 5. O-O d6 6. Re1 Bd7 7. Bb3 h6 8. d4 g6
9. dxe5 dxe5 10. Nc3 Bg7 11. Nd5 Bg4 12. c3 O-O 13. h3 Be6 14. c4 Nd7 15. Bd2
Nd4 16. Nxd4 exd4 17. Bf4 Rc8 18. Bg3 Nc5 19. e5 Nxb3 20. Qxb3 b5 21. Qf3 bxc4
22. Nf4 Qd7 23. Rac1 Rb8 24. Red1 c5 25. Qe2 d3 26. Qe4 d2 27. Rc3 Bf5 28. Qxc4
Bxe5 29. Nxg6 Bxc3 30. Nxf8 Qe7 31. Qxc3 Rd8 32. Bf4 Rd3 33. Qe5 Qxe5 34. Bxe5
Kxf8 35. Bc3 Be6 36. a3 h5 37. Rxd2 Rxd2 38. Bxd2 Ke7 39. Kh2 Kf6 40. Kg3 Kf5
41. f3 Bd5 42. Be3 c4 43. Bd4 Kg5 44. h4+ Kf5 45. Kf2 Kf4 46. Bb6 Kf5 47. Ke3
Be6 48. Kd4 Kf4 49. Bc7+ Kf5 50. Bd6 Kg6 51. Kc5 Kf5 52. Kd4 Kg6 53. Ke5 Bf5 54.
Kf4 Bd3 55. g4 Be2 56. Be5 Bd1 57. Bc3 Ba4 58. Ke3 Bd7 59. Kf4 Bc6 60. Bd4 a5
61. Bc3 a4 62. Bd4 Bd7 63. Bf2 Bc6 64. Ke3 Bd7 65. gxh5+ Kxh5 66. Kd4 Bf5 67.
Kxc4 Be6+ 68. Kd4 Bb3 69. Ke5 Bc4 70. Be1 Bb3 71. Kf6 Bd5 72. Bf2 Bxf3 73. Kxf7
Bd5+ 74. Kf6 Bb3 75. Ke5 1/2-1/2

[Event "Hastings Masters 2025-26"]
[Site "Hastings ENG"]
[Date "2025.12.28"]
[Round "1.14"]
[White "Gormally, Daniel W"]
[Black "Burrows, Martin P"]
[Result "1-0"]
[WhiteTitle "GM"]
[WhiteElo "2396"]
[BlackElo "2117"]
[WhiteFideId "406465"]
[BlackFideId "409057"]
[EventDate "2025.12.28"]

1. d4 Nf6 2. c4 e6 3. Nf3 d5 4. Nc3 Bb4 5. Bg5 h6 6. Bh4 dxc4 7. a3 Bxc3+ 8.
bxc3 b5 9. a4 c6 10. e3 Nbd7 11. Be2 O-O 12. O-O a6 13. Qb1 Qc7 14. Bg3 Qb6 15.
Nd2 Re8 16. Bf3 Nd5 17. Qc2 Bb7 18. Rfb1 Qa7 19. Ne4 N7b6 20. Nd6 bxa4 21. Nxe8
Rxe8 22. Qb2 f5 23. Bxd5 Nxd5 24. Qxb7 Qxb7 25. Rxb7 Nxc3 26. Be5 1-0

[Event "Hastings Masters 2025-26"]
[Site "Hastings ENG"]
[Date "2025.12.28"]
[Round "1.15"]
[White "Hill, Alistair"]
[Black "Mazur, Stefan"]
[Result "0-1"]
[BlackTitle "IM"]
[WhiteElo "2104"]
[BlackElo "2392"]
[WhiteFideId "432407"]
[BlackFideId "14909332"]
[EventDate "2025.12.28"]

1. d4 d5 2. c4 e5 3. dxe5 Ne7 4. cxd5 Qxd5 5. Bd2 Qxe5 6. Nc3 Nbc6 7. e4 Ng6 8.
Nf3 Qh5 9. Nb5 Bd6 10. Nxd6+ cxd6 11. Be2 Bg4 12. O-O Nge5 13. Bc3 O-O-O 14. Nd4
Nxd4 15. Bxg4+ Nxg4 16. h3 Ne6 17. Qxg4 Qxg4 18. hxg4 h5 19. g5 d5 20. Rac1 Kb8
21. f4 d4 22. Bd2 b6 23. f5 Nc5 24. Bf4+ Ka8 25. b4 Nxe4 26. Rc7 Nc3 27. Be5
Rhe8 28. Bxg7 Nd5 29. Rxf7 d3 30. Rf2 Re1+ 31. Kh2 Re2 32. Rf3 d2 33. Rd3 Rxg2+
34. Kh1 Re2 35. Bf6 Rc8 36. Bd4 Nf4 37. Rxd2 Rxd2 38. g6 Rc1+ 39. Bg1 Rg2 40. g7
Rcxg1# 0-1

[Event "Hastings Masters 2025-26"]
[Site "Hastings ENG"]
[Date "2025.12.28"]
[Round "1.16"]
[White "Golding, Alex"]
[Black "Both, Bert"]
[Result "1-0"]
[WhiteTitle "IM"]
[WhiteElo "2370"]
[BlackElo "2102"]
[WhiteFideId "427241"]
[BlackFideId "1014340"]
[EventDate "2025.12.28"]

1. e4 c5 2. Nf3 e6 3. d4 cxd4 4. Nxd4 Nc6 5. Nc3 Qc7 6. Be3 a6 7. a3 Nf6 8. Be2
b5 9. Nxc6 dxc6 10. O-O e5 11. Kh1 Bd6 12. Bg5 Be6 13. Bxf6 gxf6 14. Bg4 Rd8 15.
Qf3 Ke7 16. Bxe6 fxe6 17. Qe3 Kf7 18. Rad1 Rhf8 19. Qh3 Rh8 20. Rd3 h5 21. Rfd1
c5 22. Ne2 c4 23. R3d2 Be7 24. Rxd8 Bxd8 25. Qf3 Be7 26. h4 Kg6 27. Ng3 Qc8 28.
Qe2 Qc7 29. Qf3 Qc8 30. c3 f5 31. Ne2 f4 32. g3 Rd8 33. Rg1 Kh6 34. gxf4 Bxh4
35. Qg2 1-0

[Event "Hastings Masters 2025-26"]
[Site "Hastings ENG"]
[Date "2025.12.28"]
[Round "1.18"]
[White "Badacsonyi, Stanley"]
[Black "White, Stuart A"]
[Result "1-0"]
[WhiteTitle "FM"]
[WhiteElo "2317"]
[BlackElo "2072"]
[WhiteFideId "486973"]
[BlackFideId "407747"]
[EventDate "2025.12.28"]

1. d4 d5 2. c4 c6 3. cxd5 cxd5 4. Bf4 Nc6 5. e3 Nf6 6. Nc3 a6 7. Be2 Bf5 8. Nf3
e6 9. Qb3 Nh5 10. Be5 Na5 11. Qa4+ Nc6 12. h3 Nf6 13. O-O Be7 14. Rfc1 O-O 15.
Bg3 Qb6 16. Nh4 Be4 17. Qd1 Rfc8 18. f3 Bg6 19. Nxg6 hxg6 20. Na4 Qd8 21. Nc5
Bxc5 22. Rxc5 Nd7 23. Rc3 Ne7 24. Qb3 Rxc3 25. bxc3 b5 26. a4 Nf5 27. Bf2 bxa4
28. Qxa4 a5 29. Rb1 Nd6 30. Qc6 Nf6 31. Ba6 Rb8 32. Rxb8 Qxb8 33. g4 g5 34. Kg2
Nfe8 35. Qa4 Qb6 36. Bd3 Nf6 37. Qa3 Nc4 38. Bxc4 dxc4 39. e4 Qb5 40. d5 exd5
41. e5 Nd7 42. Qe7 Nf8 43. Qd8 Qd7 44. Qa8 Qc7 45. Bd4 a4 46. h4 gxh4 47. f4 Qd7
48. f5 Qb5 49. Kh3 g5 50. Qd8 a3 51. Qxg5+ Ng6 52. fxg6 a2 53. Qd8+ 1-0

[Event "Hastings Masters 2025-26"]
[Site "Hastings ENG"]
[Date "2025.12.28"]
[Round "1.19"]
[White "Rida, Ruqayyah"]
[Black "Kalavannan, Koby"]
[Result "0-1"]
[WhiteTitle "WFM"]
[BlackTitle "FM"]
[WhiteElo "2068"]
[BlackElo "2275"]
[WhiteFideId "343272375"]
[BlackFideId "425753"]
[EventDate "2025.12.28"]

1. e4 c5 2. Nf3 Nc6 3. d4 cxd4 4. Nxd4 Qb6 5. Nb3 Nf6 6. Bd3 d5 7. exd5 Nxd5 8.
O-O Be6 9. Qe2 Rd8 10. c4 Ndb4 11. c5 Qc7 12. Bb5 a6 13. Ba4 Bf5 14. Qf3 Bd3 15.
Bf4 Qc8 16. Rc1 g5 17. Be5 Rg8 18. Na3 Bh6 19. Qe3 Kf8 20. Bc3 Bf5 21. Bxb4 Nxb4
22. Rd1 Nd5 23. Qd2 Rg6 24. Nd4 Nf4 25. Qe3 Bg4 26. f3 Bg7 27. Kh1 Bxf3 28. gxf3
Qh3 29. Ne6+ Nxe6 30. Bd7 Bxb2 31. Bxe6 Rxd1+ 32. Rxd1 Rxe6 33. Qxg5 Rg6 34. Qd2
Qxf3+ 0-1

[Event "Hastings Masters 2025-26"]
[Site "Hastings ENG"]
[Date "2025.12.28"]
[Round "1.20"]
[White "Balaji, Aaravamudhan"]
[Black "Bharat Kumar, Balahari"]
[Result "1-0"]
[WhiteTitle "IM"]
[WhiteElo "2270"]
[BlackElo "2068"]
[WhiteFideId "436224"]
[BlackFideId "496464"]
[EventDate "2025.12.28"]

1. d4 d5 2. c4 e6 3. Nc3 a6 4. cxd5 exd5 5. Bf4 Nf6 6. e3 c5 7. Bd3 Nc6 8. Nge2
c4 9. Bc2 Be7 10. O-O O-O 11. Bg5 b5 12. Bxf6 Bxf6 13. Nf4 Be6 14. Ncxd5 Bxd5
15. Qh5 g6 16. Qxd5 Nb4 17. Qxd8 Raxd8 18. Be4 Rfe8 19. Bf3 g5 20. Ne2 Nd5 21.
a4 Nb4 22. axb5 axb5 23. Rfb1 Rb8 24. Nc3 Nc2 25. Ra6 Bg7 26. Bc6 b4 27. Ne4
Red8 28. Nc5 b3 29. Be4 Nb4 30. Ra5 Na2 31. Na4 Rdc8 32. g4 h6 33. Ra7 c3 34.
bxc3 Rxc3 35. Kg2 Rc1 36. Rb2 Ra1 37. Nc5 Rd1 38. Rxb3 Rxb3 39. Nxb3 Nb4 40. Nc5
Bf8 41. Nd7 Be7 42. Ne5 1-0

[Event "Hastings Masters 2025-26"]
[Site "Hastings ENG"]
[Date "2025.12.28"]
[Round "1.21"]
[White "Tudoroiu, Razvan-Catalin"]
[Black "Southcott-Moyers, Indy"]
[Result "0-1"]
[BlackTitle "FM"]
[WhiteElo "2063"]
[BlackElo "2266"]
[WhiteFideId "1281100"]
[BlackFideId "488542"]
[EventDate "2025.12.28"]

1. d4 d5 2. c4 e6 3. Nf3 Nf6 4. Nc3 Bb4 5. cxd5 exd5 6. Bg5 h6 7. Bh4 Nbd7 8.
Qc2 g5 9. Bg3 Ne4 10. Nd2 Nxg3 11. hxg3 c6 12. O-O-O Nb6 13. e4 Be6 14. e5 Qd7
15. Bd3 O-O-O 16. f4 gxf4 17. gxf4 Bg4 18. Rde1 Kb8 19. a3 Be7 20. Nd1 c5 21.
dxc5 Bxc5 22. Nb3 Bxa3 23. bxa3 Rc8 24. Nc3 d4 25. Bb5 Qe7 26. Nxd4 Qxa3+ 27.
Kb1 Qb4+ 28. Qb2 Qxd4 29. Rc1 Nc4 30. Bxc4 Rxc4 31. Qa3 Rhc8 32. Kb2 R4c6 33.
Rc2 Rb6+ 0-1

[Event "Hastings Masters 2025-26"]
[Site "Hastings ENG"]
[Date "2025.12.28"]
[Round "1.22"]
[White "Hobson, Kenneth"]
[Black "Patel, Zain"]
[Result "1-0"]
[WhiteTitle "FM"]
[WhiteElo "2264"]
[BlackElo "2058"]
[WhiteFideId "480819"]
[BlackFideId "469246"]
[EventDate "2025.12.28"]

1. e4 e5 2. Nf3 Nc6 3. Bc4 Nf6 4. d3 Bc5 5. a3 a6 6. Be3 Bxe3 7. fxe3 O-O 8.
Nbd2 d5 9. exd5 Nxd5 10. Qe2 Nb6 11. Bb3 Qe7 12. h4 Be6 13. Bxe6 Qxe6 14. Ng5
Qd7 15. O-O-O Nd5 16. Nde4 f5 17. c4 Nf6 18. Nc3 Rab8 19. h5 h6 20. Nf3 Qf7 21.
Rh3 e4 22. dxe4 fxe4 23. Nd2 Qe6 24. Rh4 Rbd8 25. Ndxe4 Nxe4 26. Rxe4 Qf5 27. g4
Rxd1+ 28. Qxd1 Qf2 29. Qd5+ Kh8 30. Kb1 Rd8 31. Qe6 Na5 32. Qf5 Qxf5 33. gxf5
Nb3 34. Rf4 Rd2 35. Nd5 c6 36. f6 gxf6 37. Nxf6 Rg2 38. Rg4 Nd2+ 39. Ka2 Rxg4
40. Nxg4 Kg7 41. c5 Ne4 42. b4 Ng3 43. Kb3 Nxh5 44. Kc4 Nf6 45. Nf2 Kg6 46. Kd4
Nd5 47. e4 Nc7 48. Ke5 h5 49. a4 h4 50. Kd6 Ne8+ 51. Kd7 Nf6+ 52. Kc7 Kg5 53.
Kxb7 Kf4 54. Kxc6 Kf3 55. e5 Ng8 56. Nh1 Ne7+ 57. Kd7 Nd5 58. Kd6 Ke4 59. e6 h3
60. e7 Nxe7 61. Kxe7 Kd5 62. Kd7 1-0

[Event "Hastings Masters 2025-26"]
[Site "Hastings ENG"]
[Date "2025.12.28"]
[Round "1.23"]
[White "Clarke, Connor"]
[Black "Ashton, Adam G"]
[Result "1/2-1/2"]
[BlackTitle "FM"]
[WhiteElo "2058"]
[BlackElo "2247"]
[WhiteFideId "457655"]
[BlackFideId "410110"]
[EventDate "2025.12.28"]

1. d4 Nf6 2. c4 e6 3. Nc3 d5 4. Bg5 Be7 5. e3 Nbd7 6. Nf3 O-O 7. Qb3 c5 8. cxd5
Nxd5 9. Bxe7 Nxe7 10. Be2 cxd4 11. Nxd4 e5 12. Nf3 Qa5 13. Qb5 Qc7 14. O-O a6
15. Nd5 Qd8 16. Nxe7+ Qxe7 17. Qd5 Re8 18. Rac1 Nf6 19. Qa5 Be6 20. Nxe5 Bxa2
21. Nc6 bxc6 22. Qxa2 c5 23. Bf3 Ra7 24. Qa5 Rc8 25. Rfd1 g6 26. Qb6 Kg7 27. b4
c4 28. Rd6 Rd7 29. Rxd7 Qxd7 30. Qxa6 c3 31. Qe2 Qa4 32. b5 Qb3 33. Bc6 Rd8 34.
h3 Rd2 35. Qe1 Qb2 36. b6 Qxb6 37. Rxc3 1/2-1/2

[Event "Hastings Masters 2025-26"]
[Site "Hastings ENG"]
[Date "2025.12.28"]
[Round "1.24"]
[White "Lau, Lut Yin Luke"]
[Black "ONUOHA, Obioma"]
[Result "1-0"]
[WhiteTitle "CM"]
[WhiteElo "2243"]
[BlackElo "2056"]
[WhiteFideId "6002226"]
[BlackFideId "8505837"]
[EventDate "2025.12.28"]

1. e4 e5 2. Nf3 Nf6 3. d4 Nxe4 4. Bd3 d5 5. Nxe5 Nd7 6. Nc3 Bb4 7. O-O Nxe5 8.
dxe5 Nxc3 9. bxc3 Bxc3 10. Rb1 O-O 11. Bxh7+ Kxh7 12. Qd3+ Kg8 13. Qxc3 d4 14.
Qg3 Qd7 15. Bg5 Qg4 16. Qxg4 Bxg4 17. Rxb7 Rfc8 18. Be7 c5 19. f3 Bf5 20. Rc1 a6
21. g4 Be6 22. c4 dxc3 23. Rxc3 Bxa2 24. Bxc5 Bd5 25. Rd7 Be6 26. Rdd3 a5 27. h3
a4 28. f4 Ra5 29. Bd6 Rxc3 30. Rxc3 Bb3 31. Ba3 Rb5 32. Kf2 Ba2 33. Bc1 Kh7 34.
h4 g6 35. Rc7 Be6 36. f5 gxf5 37. gxf5 Ba2 38. Re7 Kg8 39. Re8+ Kg7 40. Bg5 Rb6
41. e6 fxe6 42. f6+ Kg6 43. Rg8+ Kf7 44. Rg7+ Kf8 45. Bh6 Rb2+ 46. Ke1 Rb1+ 47.
Kd2 e5 48. Rb7+ Kg8 49. f7+ Bxf7 50. Rxb1 a3 51. Rg1+ 1-0